Overcoming learning disabilities : (Record no. 47723)
[ view plain ]
| 000 -LEADER | |
|---|---|
| fixed length control field | 00964nam a2200289 a 4500 |
| 001 - CONTROL NUMBER | |
| control field | 47723 |
| 003 - CONTROL NUMBER IDENTIFIER | |
| rucl marc code | BD-RjUL |
| 005 - DATE AND TIME OF LATEST TRANSACTION | |
| control field | 20211209054358.0 |
| 008 - FIXED-LENGTH DATA ELEMENTS--GENERAL INFORMATION | |
| fixed length control field | 160809s1978 vaua b 001 0 eng |
| 020 ## - INTERNATIONAL STANDARD BOOK NUMBER | |
| International Standard Book Number | 0835953653 |
| 035 ## - SYSTEM CONTROL NUMBER | |
| System control number | (BD-RjUL)47842 |
| 040 ## - CATALOGING SOURCE | |
| Original cataloging agency | DLC |
| Transcribing agency | DLC |
| Modifying agency | DLC |
| -- | BD-RjUL |
| Language of cataloging | eng |
| 041 ## - LANGUAGE CODE | |
| Language code of text/sound track or separate title | eng |
| 082 00 - DEWEY DECIMAL CLASSIFICATION NUMBER | |
| Classification number | 371.9 |
| Author mark and year | BAO 1978 |
| 100 1# - MAIN ENTRY--PERSONAL NAME | |
| Personal name | Baren, Martin. |
| 9 (RLIN) | 144955 |
| 245 10 - TITLE STATEMENT | |
| Title | Overcoming learning disabilities : |
| Remainder of title | a team approach (parent-teacher-physician-child) / |
| Statement of responsibility, etc. | Martin Baren, Robert Liebl, Lendon Smith. |
| 260 ## - PUBLICATION, DISTRIBUTION, ETC. (IMPRINT) | |
| Place of publication, distribution, etc. | Reston, Va. : |
| Name of publisher, distributor, etc. | Reston Pub. Co., |
| Date of publication, distribution, etc. | c1978. |
| 300 ## - PHYSICAL DESCRIPTION | |
| Pagination | xvii, 302 p. : |
| Illustrations | ill. ; |
| Size | 24 cm. |
| 500 ## - GENERAL NOTE | |
| General note | Includes index. |
| 504 ## - BIBLIOGRAPHY, ETC. NOTE | |
| Bibliography, etc | Bibliography: p. 293-298. |
| 650 #0 - SUBJECT ADDED ENTRY--TOPICAL TERM | |
| Topical term or geographic name as entry element | Learning disabled children |
| General subdivision | Education. |
| 9 (RLIN) | 140389 |
| Topical term or geographic name as entry element | Teaching teams. |
| 9 (RLIN) | 144956 |
| 700 1# - ADDED ENTRY--PERSONAL NAME | |
| Personal name | Liebl, Robert, |
| Relator term | joint author. |
| Personal name | Smith, Lendon H., |
| Dates associated with a name | 1921- |
| Relator term | joint author. |
| 942 ## - ADDED ENTRY ELEMENTS (KOHA) | |
| Source of classification or shelving scheme | Dewey Decimal Classification |
| Koha item type | Books |
| Lost status | Source of classification or shelving scheme | Damaged status | Not for loan | Collection code | Permanent Location | Current Location | Shelving location | Date acquired | Source of acquisition | Total Checkouts | Full call number | Date last seen | Copy number | Koha item type |
|---|---|---|---|---|---|---|---|---|---|---|---|---|---|---|
| Dewey Decimal Classification | Non-fiction | Central Library, University of Rajshahi | Central Library, University of Rajshahi | 18/09/1985 | Asia Foundation | 371.9 BAO 1978 | 10/08/2016 | C-2 | Books |